Statistics for Countries Closest to Mauritius

Click here to take the quiz!

General Stats

  • This quiz has been taken 904 times
  • The average score is 16 of 20

Answer Stats

kmcountrymiles% Correct
802Madagascar498
98%
354Seychelles220
95%
2637South Africa1639
94%
1746Mozambique1085
92%
1768Tanzania1098
91%
1333Comoros828
90%
1917Somalia1191
90%
1922Kenya1194
89%
2648Eswatini1645
85%
2123Maldives1319
82%
2540Zimbabwe1578
82%
2505Zambia1556
80%
2131Ethiopia1324
79%
2758India1714
78%
2300Malawi1429
76%
2735Uganda1699
74%
2540Yemen1579
73%
2813Djibouti1748
64%
172France
at Réunion
107
59%
2831South Sudan1759
49%

Score Distribution

Percentile by Number Answered

Percent of People with Each Score

Your Score History

You have not taken this quiz